Statistics for Easy Country Abbreviations

Click here to take the quiz!

General Stats

  • This quiz has been taken 140 times
    (58 since last reset)
  • The average score is 12 of 16

Answer Stats

HintAnswer% Correct
MEXMexico
100%
USAUnited States of America
96%
AUTAustria
92%
CHNChina
92%
JPNJapan
89%
CZECzech Republic
87%
SWESweden
87%
SVKSlovakia
85%
DNKDenmark
81%
ESPSpain
74%
KAZKazakhstan
72%
SVNSlovenia
70%
NLDNetherlands
68%
ISLIceland
47%
CODDemocratic Republic of the Congo
19%
CHESwitzerland
15%

Score Distribution

Percentile by Number Answered

Percent of People with Each Score

Your Score History

You have not taken this quiz since the last reset